| 000 | 00356nam a2200145Ia 4500 | ||
|---|---|---|---|
| 008 | 150201s2006 xx 000 0 und d | ||
| 082 |
_a617.7 _bH06P |
||
| 100 | _aPANDA , U.N. | ||
| 245 | _aHB. OF OPHTHALMOLOGY AND RHINOOTLARNGOLOGY | ||
| 250 | _a1ST | ||
| 260 |
_bAITBS _aDELHI _c2006 |
||
| 300 | _a1-143 | ||
| 650 | _aOPHTHALMOLOGY | ||
| 942 |
_2ddc _cBK _01 |
||
| 999 |
_c1357 _d1357 |
||